[Event "Hedmark & Oppland Region-ch Master plof"]
[Site "Hamar"]
[Date "2009.06.13"]
[Round "6"]
[White "Mellem, Nicolas Axel"]
[Black "Trinh, Anh Dan Doan"]
[Result "0-1"]
[WhiteElo "2122"]
[BlackElo "1855"]
[PlyCount "56"]
[EventDate "2009.06.13"]
[EventType "tourn"]
[EventRounds "4"]
[EventCountry "NOR"]
[SourceTitle "EXT 2024"]
[Source "ChessBase"]
[SourceDate "2023.10.10"]
[SourceVersion "1"]
[SourceVersionDate "2023.10.10"]
[SourceQuality "1"]

1. e4 e5 2. d4 exd4 3. Nf3 Nc6 4. Bc4 Nf6 5. Ng5 d5 6. exd5 Qe7+ 7. Kf1 Ne5 8. Qxd4 Bf5 9. Nc3 h6 10. Bf4 Nxc4 11. Re1 hxg5 12. Rxe7+ Bxe7 13. Qxc4 gxf4 14. Qxc7 Rd8 15. Qxb7 Bxc2 16. h4 Bd3+ 17. Kg1 0-0 18. Rh3 Bf5 19. Rf3 Rfe8 20. Rxf4 Bd6 21. g3 Re1+ 22. Kg2 Bxf4 23. gxf4 Nxd5 24. Qxa7 Nxf4+ 25. Kf3 Ne6 26. a4 Rd3+ 27. Kg2 Nf4+ 28. Kh2 Rh3# 0-1

[Event "Hedmark & Oppland Region-ch Master"]
[Site "Hamar"]
[Date "2009.03.28"]
[Round "2"]
[White "Trinh, Anh Dan Doan"]
[Black "Mellem, Nicolas Axel"]
[Result "1/2-1/2"]
[WhiteElo "1697"]
[BlackElo "2094"]
[PlyCount "44"]
[EventDate "2009.03.28"]
[EventType "swiss"]
[EventRounds "5"]
[EventCountry "NOR"]
[SourceTitle "EXT 2024"]
[Source "ChessBase"]
[SourceDate "2023.10.10"]
[SourceVersion "1"]
[SourceVersionDate "2023.10.10"]
[SourceQuality "1"]

1. g3 e5 2. d3 d5 3. Bg2 Nc6 4. Nf3 Be6 5. 0-0 f6 6. Nbd2 Qd7 7. e4 d4 8. Ne1 g5 9. Qh5+ Bf7 10. Qe2 0-0-0 11. f4 gxf4 12. gxf4 exf4 13. Ndf3 Bd6 14. Nh4 Nge7 15. Bxf4 Ng6 16. Bxd6 Nxh4 17. Bg3 Nxg2 18. Nxg2 Be6 19. Rxf6 h5 20. Raf1 Rdg8 21. Qf2 Nd8 22. Nh4 Bh3 1/2-1/2

[Event "Hamar CC-ch"]
[Site "Hamar"]
[Date "2007.02.15"]
[Round "4"]
[White "Trinh, Anh Dan Doan"]
[Black "Nilsen, Thomas"]
[Result "1-0"]
[WhiteElo "1498"]
[BlackElo "1641"]
[PlyCount "65"]
[EventDate "2007.01.04"]
[EventType "swiss"]
[EventRounds "9"]
[EventCountry "NOR"]
[SourceTitle "EXT 2024"]
[Source "ChessBase"]
[SourceDate "2023.10.10"]
[SourceVersion "1"]
[SourceVersionDate "2023.10.10"]
[SourceQuality "1"]

1. e4 c6 2. Nc3 d5 3. exd5 cxd5 4. d4 Nf6 5. Bd3 Nc6 6. Nge2 e6 7. 0-0 a6 8. a4 Bd6 9. Ng3 0-0 10. Re1 h6 11. Bf1 e5 12. dxe5 Bxe5 13. Nh5 d4 14. Nxf6+ Qxf6 15. Ne4 Qh4 16. f4 Bc7 17. g3 Qd8 18. Bg2 Bf5 19. Nc5 Bb6 20. Nd3 Qc7 21. Bd2 Rfe8 22. Qh5 Bg6 23. Qg4 Ne7 24. Rac1 Nf5 25. Bd5 Ne7 26. Rxe7 Qxe7 27. Qxg6 Qd7 28. Bb3 Re2 29. Be1 Rae8 30. Qxb6 Qh3 31. Bf2 h5 32. Qxb7 h4 33. Bxf7+ 1-0

[Event "Hamar CC-ch"]
[Site "Hamar"]
[Date "2007.01.18"]
[Round "2"]
[White "Brobakken, Geir"]
[Black "Trinh, Anh Dan Doan"]
[Result "1-0"]
[WhiteElo "1681"]
[BlackElo "1498"]
[PlyCount "85"]
[EventDate "2007.01.04"]
[EventType "swiss"]
[EventRounds "9"]
[EventCountry "NOR"]
[SourceTitle "EXT 2024"]
[Source "ChessBase"]
[SourceDate "2023.10.10"]
[SourceVersion "1"]
[SourceVersionDate "2023.10.10"]
[SourceQuality "1"]

1. e4 g6 2. d4 Bg7 3. Be3 d6 4. f3 Nc6 5. Bc4 e5 6. dxe5 Bxe5 7. Nc3 Be6 8. Bb3 Qh4+ 9. Bf2 Qf6 10. Nge2 g5 11. Qd2 Nge7 12. Nd5 Bxd5 13. exd5 Nb8 14. c3 Nd7 15. Ng3 h6 16. Ne4 Qg7 17. 0-0-0 Nf5 18. g3 0-0 19. Qc2 Qg6 20. Bc4 Ne7 21. Be3 Nb6 22. Bb3 Bg7 23. h4 g4 24. fxg4 Qxg4 25. Qg2 Rae8 26. Nf2 Qe2 27. Rhe1 Qh5 28. g4 Qxh4 29. Rh1 Qf6 30. g5 hxg5 31. Ng4 Qg6 32. Bc2 f5 33. Bd4 Rf7 34. Bxg7 Rxg7 35. Nh6+ Kf8 36. Rdf1 Nbxd5 37. Bxf5 Nxf5 38. Qxd5 Re5 39. Qxb7 Ke7 40. Qxc7+ Ke6 41. Qc8+ Rd7 42. Ng4 Re2 43. Qc4+ 1-0

[Event "Hamar CC-ch"]
[Site "Hamar"]
[Date "2007.01.04"]
[Round "1"]
[White "Nygard, Per"]
[Black "Trinh, Anh Dan Doan"]
[Result "0-1"]
[WhiteElo "1251"]
[BlackElo "1498"]
[PlyCount "54"]
[EventDate "2007.01.04"]
[EventType "swiss"]
[EventRounds "9"]
[EventCountry "NOR"]
[SourceTitle "EXT 2024"]
[Source "ChessBase"]
[SourceDate "2023.10.10"]
[SourceVersion "1"]
[SourceVersionDate "2023.10.10"]
[SourceQuality "1"]

1. c4 g6 2. e3 Bg7 3. d4 d6 4. Be2 Nf6 5. Bf3 0-0 6. Ne2 c6 7. 0-0 g5 8. g3 Bg4 9. Nd2 Qc8 10. e4 Bxf3 11. Nxf3 Nxe4 12. Nxg5 Nxg5 13. Bxg5 Re8 14. Re1 c5 15. Rc1 Nc6 16. Be3 Qf5 17. a3 Rad8 18. b4 cxb4 19. d5 Ne5 20. Nf4 bxa3 21. Bxa7 Ra8 22. Bd4 Rec8 23. Bxe5 Bxe5 24. Nd3 Bf6 25. Qb3 a2 26. Nb2 Bd4 27. Rxe7 a1Q 0-1